000 nam a22 7a 4500
999 _c40444
_d40444
003 OSt
005 20170909125314.0
008 170909b xxu||||| |||| 00| 0 eng d
040 _cSEROSOFT
100 _aMAHADIK K R AND KUCHEKAR B S
245 _aCONCISE INORGANIC PHARMACEUTICAL CHEMISTRY
260 _aNEW DELHI
_bNIRALI
_c2017
300 _a15.8
942 _2ddc
_c02